| 000 | 00368nam a22001337a 4500 | ||
|---|---|---|---|
| 020 | _a9787119116792 | ||
| 040 | _cNUST | ||
| 082 |
_a951 _bWIT |
||
| 100 |
_aYan Bing _986436 |
||
| 245 |
_aWitness to China's reform and opening Up : _bSeries of 40 celebrities |
||
| 260 |
_bForeign languages press, _c 2019. |
||
| 300 |
_a313 p. ; _bPaperback _c23 cm |
||
| 942 |
_2ddc _cBK |
||
| 999 |
_c587327 _d587327 |
||